000 00399nam a22001697a 4500
005 20200520152600.0
008 200520b xxu||||| |||| 00| 0 eng d
020 _a9789374735862
041 _aeng
082 _a570.3 ARO
100 _aArora ,Himanshu
_95645
245 _aDictionary of Genetic
260 _aDelhi
_bAITBS PUBLISHERS
300 _a424p.
650 _aPharmacy
_95646
942 _cBK
999 _c6349
_d6347